LEADER 01576nam2 22002891i 450 001 SUN0037796 005 20050711120000.0 010 $a88-02-03983-6 100 $a20050711d1986 |0itac50 ba 101 $aita 102 $aIT 105 $a|||| ||||| 200 1 $aˆ6: ‰Igiene e impianti tecnici, Norme pratiche per l'esercizio della professione$eSezione 1.: La professione di architetto ; Sezione 2.: Le tecniche di rappresentazione ; Sezione 3.: Le attivita professionali$fPasquale Carbonara 210 $aTorino$cUtet$d1986 215 $a1059 p., [3] c. di tav.$cill.$d27 cm. 461 1$1001SUN0015479$12001 $aArchitettura pratica$fPasquale Carbonara - Torino : UTET$v6$1210 $dv. : ill. ; 26 cm. 620 $dTorino$3SUNL000001 700 1$aCarbonara$b, Pasquale$3SUNV011229$02209 712 $aUTET$3SUNV000072$4650 801 $aIT$bSOL$c20181109$gRICA 912 $aSUN0037796 950 $aUFFICIO DI BIBLIOTECA DEI DIPARTIMENTI DI INGEGNERIA$d05 CONS L IV 043 $e05 1801 950 $aUFFICIO DI BIBLIOTECA DEI DIPARTIMENTI DI INGEGNERIA$d05 CONS F AUL II 065 AULARIO $e05 BC 72 995 $aUFFICIO DI BIBLIOTECA DEI DIPARTIMENTI DI INGEGNERIA$bIT-CE0100$h1801$kCONS L IV 043$oc$qa 995 $aUFFICIO DI BIBLIOTECA DEI DIPARTIMENTI DI INGEGNERIA$bIT-CE0100$gBC$h72$kCONS F AUL II 065 AULARIO$oc$qa 996 $aIgiene e impianti tecnici, norme pratiche per l'esercizio della professione$91385067 997 $aUNICAMPANIA LEADER 00965nam0-22002891i-450 001 990001759860403321 005 20190529131353.0 035 $a000175986 035 $aFED01000175986 035 $a(Aleph)000175986FED01 035 $a000175986 100 $a20030910d1979----km-y0itay50------ba 101 0 $aeng 200 1 $a<>genus Elymus in Canada-Bowden' generic concept and key reappraised and relectotypification of E. canadensis$fBernard R. Baum 210 $aOttawa$c...$d1979. 215 $ap. 946-951$d25 cm 300 $aEstr. da: Canadian Journal of botany, 57(8),1979. 610 0 $aBotanica 676 $a581 700 1$aBaum,$bBernard R.$015705 801 0$aIT$bUNINA$gRICA$2UNIMARC 901 $aLG 912 $a990001759860403321 952 $a60 OP. 125/25$b47693$fFAGBC 959 $aFAGBC 996 $aGenus Elymus in Canada-Bowden' generic concept and key reappraised and relectotypification of E. canadensis$9362583 997 $aUNINA LEADER 02984nam 22005535 450 001 9910483421103321 005 20250609111335.0 010 $a9783030281762 010 $a3030281760 024 7 $a10.1007/978-3-030-28176-2 035 $a(CKB)4100000009759226 035 $a(MiAaPQ)EBC5972837 035 $a(DE-He213)978-3-030-28176-2 035 $a(Perlego)3492199 035 $a(MiAaPQ)EBC5972625 035 $a(EXLCZ)994100000009759226 100 $a20191105d2019 u| 0 101 0 $aeng 135 $aurcnu|||||||| 181 $ctxt$2rdacontent 182 $cc$2rdamedia 183 $acr$2rdacarrier 200 10$aTheorizing Stupid Media $eDe-Naturalizing Story Structures in the Cinematic, Televisual, and Videogames /$fby Aaron Kerner, Julian Hoxter 205 $a1st ed. 2019. 210 1$aCham :$cSpringer International Publishing :$cImprint: Palgrave Macmillan,$d2019. 215 $a1 online resource (232 pages) 311 08$a9783030281755 311 08$a3030281752 327 $a1.The Stupider the Better -- 2.The Stupid in the Contemporary Hollywood Vernacular: Spectacularly Stupid Transformers -- 3.The Stupid in Genre Fails -- 4.The Stupid as Narrative Dissonance -- 5.The Stupid as Ludonarrative Dissonance -- 6.Conclusion: Well That Was Stupid. 330 $aThis book explores the stupid as it manifests in media-the cinema, television and streamed content, and videogames. The stupid is theorized as media that "fails" to conform to established narrative conventions, often surfacing at evolutionary moments. Each chapter explores different manifestations of the stupid: exemplified in the Transformers franchise the contemporary Hollywood vernacular privileges kinetic qualities over conventional narration, and is often dismissed as being stupid. The stupid is also evident in genre failures. Narrative dissonance, where a story "feels off", might be perceived as stupid-Adventure Time being a key example. "Ludonarrative dissonance" refers to instances in videogames (e.g., Bioshock) where gameplay seemingly runs counter to the narrative, thus stupefying. The authors take the film Sucker Punch as a concluding exercise, applying the book's theorization of the stupid. This book is addressed to those interested in media that is quirky, spectacle-driven, or generally hard to place-stupid! . 606 $aFilm genres 606 $aPopular culture 606 $aGenre Studies 606 $aPopular Culture 615 0$aFilm genres. 615 0$aPopular culture. 615 14$aGenre Studies. 615 24$aPopular Culture. 676 $a302.23 676 $a302.234 700 $aKerner$b Aaron$4aut$4http://id.loc.gov/vocabulary/relators/aut$0959811 702 $aHoxter$b Julian$4aut$4http://id.loc.gov/vocabulary/relators/aut 801 0$bMiAaPQ 801 1$bMiAaPQ 801 2$bMiAaPQ 906 $aBOOK 912 $a9910483421103321 996 $aTheorizing Stupid Media$92850280 997 $aUNINA